Disciplina, control social y cambio: estudio de las prácticas pedagógicas en una escuela básica popular

محفوظ في:
التفاصيل البيبلوغرافية
المؤلفون الرئيسيون: Filp, Johanna (مؤلف), Cardemil Oliva, Cecilia (مؤلف), Espínola, Viola (مؤلف)
التنسيق: كتاب
اللغة:الإسبانية
منشور في: Santiago CIDE 1987
سلاسل:Documento de trabajo, 14
الموضوعات:
الوسوم: إضافة وسم
لا توجد وسوم, كن أول من يضع وسما على هذه التسجيلة!

MARC

LEADER 00000nam a2200000 a 4500
001 UCW4075
003 CL-VaPUC
008 890824e19870000CL |||||||||||||||||spa|d
082 0 4 |a 371.5  |b FIL  |2 21 
100 0 |a Filp, Johanna  |e author  |9 308626 
700 0 |a Cardemil Oliva, Cecilia  |e author  |9 308627 
700 0 |a Espínola, Viola  |e author  |9 308628 
245 1 0 |a Disciplina, control social y cambio: estudio de las prácticas pedagógicas en una escuela básica popular 
300 |a 186 p 
942 |c BK 
945 |d 19890824 00:00:00 
260 |a Santiago  |b CIDE  |c 1987 
650 0 |a Disciplina escolar  |9 271077 
650 0 |a Estudio de casos   |9 257099 
650 7 |a PRACTICAS DE LA ENSEÑANZA  |2 CL-VaPUC  |9 307310 
651 7 |a CHILE  |2 CL-VaPUC  |9 308629 
583 |a last modification  |c 19890824 00:00:00  |k Rodrigo Vera 
490 0 |a Documento de trabajo, 14 
999 |c 217896  |d 217894 
952 |0 0  |1 0  |4 0  |6 371_500000000000000_FIL_1987  |7 0  |8 P  |9 206510  |a BIBEDU  |b BIBEDU  |c BIBEDU_PB  |d 2019-11-15  |i 2743264  |o 371.5 FIL 1987  |p 2743264  |r 2024-01-25  |w 2019-11-15  |y BK  |k EDU 
952 |0 0  |1 0  |4 0  |6 371_500000000000000_FIL_1987  |7 0  |8 P  |9 206511  |a BIBEDU  |b BIBEDU  |c BIBEDU_PB  |d 2019-11-15  |i 2743272  |o 371.5 FIL 1987  |p 2743272  |r 2024-01-25  |w 2019-11-15  |y BK  |k EDU 
952 |0 0  |1 0  |4 0  |6 371_500000000000000_FIL_1987  |7 0  |8 P  |9 206512  |a BIBEDU  |b BIBEDU  |c BIBEDU_PB  |d 2019-11-15  |i 2743280  |o 371.5 FIL 1987  |p 2743280  |r 2024-01-25  |w 2019-11-15  |y BK  |k EDU